Optical System Design / (Record no. 13813)
[ view plain ]
| 000 -LEADER | |
|---|---|
| fixed length control field | 01576cam a2200349 a 4500 |
| 001 - CONTROL NUMBER | |
| control field | 15099027 |
| 005 - DATE AND TIME OF LATEST TRANSACTION | |
| control field | 20090828092546.0 |
| 008 - FIXED-LENGTH DATA ELEMENTS--GENERAL INFORMATION | |
| fixed length control field | 071130s2008 nyua |rb 001 0 eng |
| 010 ## - LIBRARY OF CONGRESS CONTROL NUMBER | |
| LC control number | 2007049390 |
| 020 ## - INTERNATIONAL STANDARD BOOK NUMBER | |
| International Standard Book Number | 0071472487 (alk. paper) |
| 020 ## - INTERNATIONAL STANDARD BOOK NUMBER | |
| International Standard Book Number | 9780071472487 (alk. paper) |
| 035 ## - SYSTEM CONTROL NUMBER | |
| System control number | (OCoLC)ocn182779807 |
| 035 ## - SYSTEM CONTROL NUMBER | |
| System control number | (OCoLC)182779807 |
| 040 ## - CATALOGING SOURCE | |
| Original cataloging agency | DLC |
| Transcribing agency | DLC |
| Modifying agency | BAKER |
| -- | C#P |
| -- | YDXCP |
| -- | DLC |
| 050 00 - LIBRARY OF CONGRESS CALL NUMBER | |
| Classification number | TK8315 |
| Item number | .F57 2008 |
| 082 00 - DEWEY DECIMAL CLASSIFICATION NUMBER | |
| Classification number | 681.4 |
| Edition number | 22 |
| Item number | FIS |
| 100 1# - MAIN ENTRY--PERSONAL NAME | |
| Personal name | Fischer, Robert Edward, |
| Dates associated with a name | 1943- |
| 9 (RLIN) | 13250 |
| 245 10 - TITLE STATEMENT | |
| Title | Optical System Design / |
| Statement of responsibility, etc | Robert E. Fischer, Biljana Tadic-Galeb, Paul R. Yoder ; with contributions by Ranko Galeb ... [et al.]. |
| 250 ## - EDITION STATEMENT | |
| Edition statement | 2nd ed., Thoroughly updated. |
| 260 ## - PUBLICATION, DISTRIBUTION, ETC. (IMPRINT) | |
| Place of publication, distribution, etc | New York : |
| Name of publisher, distributor, etc | McGraw-Hill, 2008 |
| Date of publication, distribution, etc | c2008. |
| 300 ## - PHYSICAL DESCRIPTION | |
| Extent | xv, 809 p. : |
| Other physical details | ill. ; |
| Dimensions | 25 cm. |
| 504 ## - BIBLIOGRAPHY, ETC. NOTE | |
| Bibliography, etc | Includes bibliographical references (p. 785-786) and index. |
| 650 #0 - SUBJECT ADDED ENTRY--TOPICAL TERM | |
| Topical term or geographic name as entry element | Imaging systems |
| General subdivision | Design and construction. |
| 9 (RLIN) | 13251 |
| 650 #0 - SUBJECT ADDED ENTRY--TOPICAL TERM | |
| Topical term or geographic name as entry element | Optical instruments |
| General subdivision | Design and construction. |
| 9 (RLIN) | 13252 |
| 650 #0 - SUBJECT ADDED ENTRY--TOPICAL TERM | |
| Topical term or geographic name as entry element | Electrooptical devices |
| General subdivision | Design and construction. |
| 9 (RLIN) | 13253 |
| 700 1# - ADDED ENTRY--PERSONAL NAME | |
| Personal name | Tadic-Galeb, Biljana. |
| 9 (RLIN) | 13254 |
| 700 1# - ADDED ENTRY--PERSONAL NAME | |
| Personal name | Yoder, Paul R. |
| 9 (RLIN) | 13255 |
| 856 41 - ELECTRONIC LOCATION AND ACCESS | |
| Materials specified | Table of contents only |
| Uniform Resource Identifier | <a href="http://www.loc.gov/catdir/toc/ecip086/2007049390.html">http://www.loc.gov/catdir/toc/ecip086/2007049390.html</a> |
| 942 ## - ADDED ENTRY ELEMENTS (KOHA) | |
| Source of classification or shelving scheme | Dewey Decimal Classification |
| Item type | Book - Borrowing |
| Withdrawn status | Item status | Source of classification or shelving scheme | Damaged status | Not for loan | Vendor | Home library | Current library | Shelving location | Date acquired | Source of acquisition | Cost, normal purchase price | Serial Enumeration / chronology | Total Checkouts | Full call number | Barcode | Date last seen | Koha item type |
|---|---|---|---|---|---|---|---|---|---|---|---|---|---|---|---|---|---|
| Dewey Decimal Classification | Alahram | Central Library | Central Library | First floor | 28/03/2010 | 600.00 | 29 | 681.4 FIS | 000020531 | 15/07/2025 | Book - Borrowing |